<?xml version="1.0" encoding="UTF-8"?>
<record
    xmlns:xsi="http://www.w3.org/2001/XMLSchema-instance"
    xsi:schemaLocation="http://www.loc.gov/MARC21/slim http://www.loc.gov/standards/marcxml/schema/MARC21slim.xsd"
    xmlns="http://www.loc.gov/MARC21/slim">

  <leader>00753nam a22002177a 4500</leader>
  <datafield tag="999" ind1=" " ind2=" ">
    <subfield code="c">159392</subfield>
    <subfield code="d">159392</subfield>
  </datafield>
  <controlfield tag="006">a|||||f|||| 00| 0 </controlfield>
  <controlfield tag="007">tc</controlfield>
  <controlfield tag="008">180713b        xxu|||||f|||| 00| 0 eng d</controlfield>
  <datafield tag="010" ind1=" " ind2=" ">
    <subfield code="a">B-084188-B-084199</subfield>
  </datafield>
  <datafield tag="020" ind1=" " ind2=" ">
    <subfield code="c">139.00(per set)</subfield>
  </datafield>
  <datafield tag="035" ind1=" " ind2=" ">
    <subfield code="a">B-084188</subfield>
  </datafield>
  <datafield tag="037" ind1=" " ind2=" ">
    <subfield code="b">A.I.C.B.</subfield>
  </datafield>
  <datafield tag="082" ind1=" " ind2=" ">
    <subfield code="a">485</subfield>
  </datafield>
  <datafield tag="100" ind1=" " ind2=" ">
    <subfield code="a">Brij Nandan Lal</subfield>
  </datafield>
  <datafield tag="245" ind1=" " ind2=" ">
    <subfield code="a">New Style English Grammar and Composition Course-B</subfield>
    <subfield code="c">by Brij Nandan Lal</subfield>
  </datafield>
  <datafield tag="260" ind1=" " ind2=" ">
    <subfield code="a">New Delhi</subfield>
    <subfield code="b">A.I.C.B.</subfield>
    <subfield code="c">N.D.</subfield>
  </datafield>
  <datafield tag="270" ind1=" " ind2=" ">
    <subfield code="a">Sector-5, Rohini, </subfield>
    <subfield code="b">New Delhi</subfield>
    <subfield code="e">110085</subfield>
  </datafield>
  <datafield tag="300" ind1=" " ind2=" ">
    <subfield code="a">6V., various pages</subfield>
    <subfield code="c">30cm(HB)</subfield>
  </datafield>
  <datafield tag="942" ind1=" " ind2=" ">
    <subfield code="2">ddc</subfield>
    <subfield code="c">BRLEN</subfield>
    <subfield code="h">485</subfield>
    <subfield code="m">BRI</subfield>
  </datafield>
  <datafield tag="952" ind1=" " ind2=" ">
    <subfield code="0">0</subfield>
    <subfield code="1">0</subfield>
    <subfield code="3">V.- 1</subfield>
    <subfield code="4">0</subfield>
    <subfield code="7">0</subfield>
    <subfield code="8">NFIC</subfield>
    <subfield code="a">BRL</subfield>
    <subfield code="b">BRL</subfield>
    <subfield code="d">2004-12-29</subfield>
    <subfield code="e">5896/29-12-2004</subfield>
    <subfield code="g">139.00</subfield>
    <subfield code="l">0</subfield>
    <subfield code="o">485 BRI</subfield>
    <subfield code="p">B-084188</subfield>
    <subfield code="r">2018-12-15 00:00:00</subfield>
    <subfield code="t">1</subfield>
    <subfield code="w">2018-12-15</subfield>
    <subfield code="y">BRLEN</subfield>
  </datafield>
  <datafield tag="952" ind1=" " ind2=" ">
    <subfield code="0">0</subfield>
    <subfield code="1">0</subfield>
    <subfield code="3">V.- 2</subfield>
    <subfield code="4">0</subfield>
    <subfield code="7">0</subfield>
    <subfield code="8">NFIC</subfield>
    <subfield code="a">BRL</subfield>
    <subfield code="b">BRL</subfield>
    <subfield code="d">2004-12-29</subfield>
    <subfield code="e">5896/29-12-2004</subfield>
    <subfield code="g">139.00</subfield>
    <subfield code="l">0</subfield>
    <subfield code="o">485 BRI</subfield>
    <subfield code="p">B-084189</subfield>
    <subfield code="r">2018-12-15 00:00:00</subfield>
    <subfield code="t">1</subfield>
    <subfield code="y">BRLEN</subfield>
  </datafield>
  <datafield tag="952" ind1=" " ind2=" ">
    <subfield code="0">0</subfield>
    <subfield code="1">0</subfield>
    <subfield code="3">V.- 3</subfield>
    <subfield code="4">0</subfield>
    <subfield code="7">0</subfield>
    <subfield code="8">NFIC</subfield>
    <subfield code="a">BRL</subfield>
    <subfield code="b">BRL</subfield>
    <subfield code="d">2004-12-29</subfield>
    <subfield code="e">5896/29-12-2004</subfield>
    <subfield code="g">139.00</subfield>
    <subfield code="l">0</subfield>
    <subfield code="o">485 BRI</subfield>
    <subfield code="p">B-084190</subfield>
    <subfield code="r">2018-12-15 00:00:00</subfield>
    <subfield code="t">1</subfield>
    <subfield code="y">BRLEN</subfield>
  </datafield>
  <datafield tag="952" ind1=" " ind2=" ">
    <subfield code="0">0</subfield>
    <subfield code="1">0</subfield>
    <subfield code="3">V.- 4</subfield>
    <subfield code="4">0</subfield>
    <subfield code="7">0</subfield>
    <subfield code="8">NFIC</subfield>
    <subfield code="a">BRL</subfield>
    <subfield code="b">BRL</subfield>
    <subfield code="d">2004-12-29</subfield>
    <subfield code="e">5896/29-12-2004</subfield>
    <subfield code="g">139.00</subfield>
    <subfield code="l">0</subfield>
    <subfield code="o">485 BRI</subfield>
    <subfield code="p">B-084191</subfield>
    <subfield code="r">2018-12-15 00:00:00</subfield>
    <subfield code="t">1</subfield>
    <subfield code="y">BRLEN</subfield>
  </datafield>
  <datafield tag="952" ind1=" " ind2=" ">
    <subfield code="0">0</subfield>
    <subfield code="1">0</subfield>
    <subfield code="3">V.- 5</subfield>
    <subfield code="4">0</subfield>
    <subfield code="7">0</subfield>
    <subfield code="8">NFIC</subfield>
    <subfield code="a">BRL</subfield>
    <subfield code="b">BRL</subfield>
    <subfield code="d">2004-12-29</subfield>
    <subfield code="e">5896/29-12-2004</subfield>
    <subfield code="g">139.00</subfield>
    <subfield code="l">0</subfield>
    <subfield code="o">485 BRI</subfield>
    <subfield code="p">B-084192</subfield>
    <subfield code="r">2018-12-15 00:00:00</subfield>
    <subfield code="t">1</subfield>
    <subfield code="y">BRLEN</subfield>
  </datafield>
  <datafield tag="952" ind1=" " ind2=" ">
    <subfield code="0">0</subfield>
    <subfield code="1">0</subfield>
    <subfield code="3">V.- 6</subfield>
    <subfield code="4">0</subfield>
    <subfield code="7">0</subfield>
    <subfield code="8">NFIC</subfield>
    <subfield code="a">BRL</subfield>
    <subfield code="b">BRL</subfield>
    <subfield code="d">2004-12-29</subfield>
    <subfield code="e">5896/29-12-2004</subfield>
    <subfield code="g">139.00</subfield>
    <subfield code="l">0</subfield>
    <subfield code="o">485 BRI</subfield>
    <subfield code="p">B-084193</subfield>
    <subfield code="r">2018-12-15 00:00:00</subfield>
    <subfield code="t">1</subfield>
    <subfield code="y">BRLEN</subfield>
  </datafield>
  <datafield tag="952" ind1=" " ind2=" ">
    <subfield code="0">0</subfield>
    <subfield code="1">0</subfield>
    <subfield code="3">V.- 1</subfield>
    <subfield code="4">0</subfield>
    <subfield code="7">0</subfield>
    <subfield code="8">NFIC</subfield>
    <subfield code="a">BRL</subfield>
    <subfield code="b">BRL</subfield>
    <subfield code="d">2004-12-29</subfield>
    <subfield code="e">5896/29-12-2004</subfield>
    <subfield code="g">139.00</subfield>
    <subfield code="l">0</subfield>
    <subfield code="o">485 BRI</subfield>
    <subfield code="p">B-084194</subfield>
    <subfield code="r">2018-12-15 00:00:00</subfield>
    <subfield code="t">1</subfield>
    <subfield code="w">2018-12-15</subfield>
    <subfield code="y">BRLEN</subfield>
  </datafield>
  <datafield tag="952" ind1=" " ind2=" ">
    <subfield code="0">0</subfield>
    <subfield code="1">0</subfield>
    <subfield code="3">V.- 2</subfield>
    <subfield code="4">0</subfield>
    <subfield code="7">0</subfield>
    <subfield code="8">NFIC</subfield>
    <subfield code="a">BRL</subfield>
    <subfield code="b">BRL</subfield>
    <subfield code="d">2004-12-29</subfield>
    <subfield code="e">5896/29-12-2004</subfield>
    <subfield code="g">139.00</subfield>
    <subfield code="l">0</subfield>
    <subfield code="o">485 BRI</subfield>
    <subfield code="p">B-084195</subfield>
    <subfield code="r">2018-12-15 00:00:00</subfield>
    <subfield code="t">1</subfield>
    <subfield code="y">BRLEN</subfield>
  </datafield>
  <datafield tag="952" ind1=" " ind2=" ">
    <subfield code="0">0</subfield>
    <subfield code="1">0</subfield>
    <subfield code="3">V.- 3</subfield>
    <subfield code="4">0</subfield>
    <subfield code="7">0</subfield>
    <subfield code="8">NFIC</subfield>
    <subfield code="a">BRL</subfield>
    <subfield code="b">BRL</subfield>
    <subfield code="d">2004-12-29</subfield>
    <subfield code="e">5896/29-12-2004</subfield>
    <subfield code="g">139.00</subfield>
    <subfield code="l">0</subfield>
    <subfield code="o">485 BRI</subfield>
    <subfield code="p">B-084196</subfield>
    <subfield code="r">2018-12-15 00:00:00</subfield>
    <subfield code="t">1</subfield>
    <subfield code="y">BRLEN</subfield>
  </datafield>
  <datafield tag="952" ind1=" " ind2=" ">
    <subfield code="0">0</subfield>
    <subfield code="1">0</subfield>
    <subfield code="3">V.- 4</subfield>
    <subfield code="4">0</subfield>
    <subfield code="7">0</subfield>
    <subfield code="8">NFIC</subfield>
    <subfield code="a">BRL</subfield>
    <subfield code="b">BRL</subfield>
    <subfield code="d">2004-12-29</subfield>
    <subfield code="e">5896/29-12-2004</subfield>
    <subfield code="g">139.00</subfield>
    <subfield code="l">0</subfield>
    <subfield code="o">485 BRI</subfield>
    <subfield code="p">B-084197</subfield>
    <subfield code="r">2018-12-15 00:00:00</subfield>
    <subfield code="t">1</subfield>
    <subfield code="y">BRLEN</subfield>
  </datafield>
  <datafield tag="952" ind1=" " ind2=" ">
    <subfield code="0">0</subfield>
    <subfield code="1">0</subfield>
    <subfield code="3">V.- 5</subfield>
    <subfield code="4">0</subfield>
    <subfield code="7">0</subfield>
    <subfield code="8">NFIC</subfield>
    <subfield code="a">BRL</subfield>
    <subfield code="b">BRL</subfield>
    <subfield code="d">2004-12-29</subfield>
    <subfield code="e">5896/29-12-2004</subfield>
    <subfield code="g">139.00</subfield>
    <subfield code="l">0</subfield>
    <subfield code="o">485 BRI</subfield>
    <subfield code="p">B-084198</subfield>
    <subfield code="r">2018-12-15 00:00:00</subfield>
    <subfield code="t">1</subfield>
    <subfield code="y">BRLEN</subfield>
  </datafield>
  <datafield tag="952" ind1=" " ind2=" ">
    <subfield code="0">0</subfield>
    <subfield code="1">0</subfield>
    <subfield code="3">V.- 6</subfield>
    <subfield code="4">0</subfield>
    <subfield code="7">0</subfield>
    <subfield code="8">NFIC</subfield>
    <subfield code="a">BRL</subfield>
    <subfield code="b">BRL</subfield>
    <subfield code="d">2004-12-29</subfield>
    <subfield code="e">5896/29-12-2004</subfield>
    <subfield code="g">139.00</subfield>
    <subfield code="l">0</subfield>
    <subfield code="o">485 BRI</subfield>
    <subfield code="p">B-084199</subfield>
    <subfield code="r">2018-12-15 00:00:00</subfield>
    <subfield code="t">1</subfield>
    <subfield code="y">BRLEN</subfield>
  </datafield>
</record>
